Citizenship and identity in Turkey : (Record no. 14899)

000 -LEADER
fixed length control field 00828cam a2200253 i 4500
001 - CONTROL NUMBER
control field 17690846
003 - CONTROL NUMBER IDENTIFIER
control field OSt
005 - DATE AND TIME OF LATEST TRANSACTION
control field 20170105102906.0
008 - FIXED-LENGTH DATA ELEMENTS--GENERAL INFORMATION
fixed length control field 130409s2012 enk b 001 0 eng
010 ## - LIBRARY OF CONGRESS CONTROL NUMBER
LC control number 2012533071
020 ## - INTERNATIONAL STANDARD BOOK NUMBER
International Standard Book Number 9781780760261
040 ## - CATALOGING SOURCE
Original cataloging agency DLC
Language of cataloging eng
Transcribing agency DLC
Description conventions rda
Modifying agency DLC
042 ## - AUTHENTICATION CODE
Authentication code pcc
082 ## - DEWEY DECIMAL CLASSIFICATION NUMBER
Classification number 323.609561
Author Mark INC 2012
100 1# - MAIN ENTRY--PERSONAL NAME
Personal name Ince, Baðsak.
245 10 - TITLE STATEMENT
Title Citizenship and identity in Turkey :
Remainder of title from Atatèurk's republic to the present day /
Statement of responsibility, etc. Baðsak çInce.
260 ## - PUBLICATION, DISTRIBUTION, ETC.
Place of publication, distribution, etc. London :
Name of publisher, distributor, etc. I.B. Tauris,
Date of publication, distribution, etc. 2012
300 ## - PHYSICAL DESCRIPTION
Extent x , 292 pages ;
Dimensions 23 cm.
490 0# - SERIES STATEMENT
Series statement Library of modern Turkey ;
Volume/sequential designation 5
504 ## - BIBLIOGRAPHY, ETC. NOTE
Bibliography, etc. note Includes bibliographical references (p. [257]-285) and index.
906 ## - LOCAL DATA ELEMENT F, LDF (RLIN)
a 0
b ibc
c orignew
d 2
e ncip
f 20
g y-gencatlg
942 ## - ADDED ENTRY ELEMENTS (KOHA)
Source of classification or shelving scheme
Koha item type Book
Holdings
Withdrawn status Lost status Damaged status Not for loan Collection code Permanent Location Current Location Shelving location Date acquired Total Checkouts Full call number Barcode Date last seen Price effective from Koha item type
          Centre for International Peace & Stability (CIPS) Centre for International Peace & Stability (CIPS) General Stacks 10/01/2013   323.609561 INC 2012 CIPS0001187 10/24/2013 10/24/2013 Book
© 2023 Central Library, National University of Sciences and Technology. All Rights Reserved.